000 00336nam a2200121Ia 4500
008 220603s9999 xx 000 0 und d
082 _bSUN
100 _aSunil Kumar
_992995
245 _aCardiovascular Heart Disease Diseases of Pericardium and Cardiomyopathy
260 _aNew Delhi
_bIGNOU
365 _bRs.
999 _c57007
_d57007